| 000 | 00371pab a2200157 454500 | ||
|---|---|---|---|
| 008 | 180718b2002 xxu||||| |||| 00| 0 eng d | ||
| 100 | _aChidambaram, P. | ||
| 245 | _aAlleviating India's poverty | ||
| 260 | _c2002 | ||
| 300 | _ap.6. | ||
| 362 | _a6 Aug | ||
| 650 | _aIndia - Economic conditions | ||
| 650 | _aPoverty | ||
| 773 | _aFinancial Express | ||
| 909 | _a54316 | ||
| 999 |
_c54316 _d54316 |
||